000 00254nam a22001217a 4500
008 171106b xxu||||| |||| 00| 0 eng d
041 _aeng
080 _a330.722.6
100 _a61
101 _aKON
245 _aACCOUTING
_cWARREN.TR
942 _2udc
_cBK
999 _c37865
_d37865